Ce pays est il une île ? - Statistiques

Statistiques générales
  • Ce quiz a été pris 163 fois
    125 depuis la dernière actualisation
  • Le résultat moyen est 11 sur 16
Answers on the Grid
Answers color-coded by a green-red scale on the quiz's grid according to % correct below.
Maurice
Malawi
Taiwan
Singapour
Barbade
Chypre
Bahrein
Lesotho
Eswatini
Trinité-et-Tobago
Togo
Tonga
Jamaïque
Brunéi Darussalam
Laos
Danemark
Sri lanka
Djibouti
Sao Tomé-et-Principe
Andorre
Sierra Leone
Oman
Uruguay
Maldives
Nicaragua
Palaos
Samoa
Grenade
Bélize
Vanuatu
 
Statistiques - réponses
Réponse % Correct
Jamaïque
83%
Maurice
83%
Barbade
79%
Chypre
79%
Maldives
78%
Sao Tomé-et-Principe
75%
Vanuatu
75%
Samoa
74%
Taiwan
74%
Grenade
72%
Palaos
72%
Sri lanka
71%
Trinité-et-Tobago
69%
Tonga
68%
Bahrein
42%
Singapour
40%
Aucun quiz correspondant
Distribution des résultats
% des personnes avec chaque résultat
Percentile par nombre de réponses
Votre historique - résultats
Vous n’avez pas pris ce quiz depuis la dernière actualisation